000 00860nam a2200313 a 4500
001 000113938
003 CHAP
005 20220329144420.0
008 171010s2011 mx |r| ||1|||spa d
010 _a110399
011 _a111371
020 _a9685146756
040 _cCHAP
082 0 4 _a193
_bN67
100 0 0 _aNietzsche, Friedrich.
_981296
245 1 0 _aEcce homo /
_cpor Friedrich Nietzsche.
260 _aMéxico :
_bEdiciones Leyenda,
_c2011.
300 _a101 p.
490 _aColección clásicos
590 _aE11695DGD
_b10
_c20171010
_lUCH01
_h1405
590 _aE5765TAJ
_b05
_c20171010
_lUCH01
_h0821
590 _aE5765TAJ
_b05
_c20171010
_lUCH01
_h1112
650 1 4 _aAntropología filosófica
_96143
650 1 4 _aFilosofía alemana.
_940897
830 0 0 _aColección clásicos
_924754
901 _aBK
942 _cLIBRO
942 _n0
999 _c110399
_d110399